Personnages One Piece de A à Z Niveau Extrême - Statistiques

Statistiques générales
  • Ce quiz a été pris 64 fois
  • Le résultat moyen est 6 sur 26
Statistiques - réponses
Lettre Indice Personnage % Correct
X Génération Terrible X-Drake
90%
M Vache Marine Meuh-Meuh
75%
H Compagnon de Lucci Hattori
58%
L Membre de l'équipage du Roux Limejuice
35%
A Commandant de la 13ème Flotte de Barbe Blanche Atmos
33%
Z Équipage des Nouveaux Hommes Poissons Zeo
33%
K Homie King Baum
30%
G CP0 Guernika
28%
V Colonel à Enies Lobby Very Good
28%
B Escadron des Super Canards Bourbon Jr
23%
O Père de Sabo Outlook III
20%
N Faux Chopper Nora Gitsune
13%
C Chef des Shandias il y a 400 ans Coburn
10%
R Vice-Amiral Red King
10%
T Roi de Shishano Tacos
10%
D Hérisson Géant Dieu-Épines
8%
F Membre des O-Niwaban Fujin
8%
P Hibou Géant Piper
8%
Q Équipage de Kid Quincy
8%
W Allié de Barbe Blanche Wallem
8%
E Aide-Soignante Germa 66 Epony
5%
S Frère de Shanks Saint Figarland Shamrock
5%
U Géant rencontré par Oden Urbain
5%
Y Équipage de Roger Yui
5%
I Pompier a Wano Inoichibannosuke
0%
J Serviteur des Shimotsuki Jigokukamabuta Megatenpanchiro
0%
Aucun quiz correspondant
Distribution des résultats
% des personnes avec chaque résultat
Percentile par nombre de réponses
Votre historique - résultats
Vous n’avez pas pris ce quiz